The Golden Touch: The Iconic Story of Building Kalyan Jewellers (Record no. 46477)

MARC details
000 -LEADER
fixed length control field 00453nam a22001697a 4500
005 - DATE AND TIME OF LATEST TRANSACTION
control field 20250824204410.0
008 - FIXED-LENGTH DATA ELEMENTS--GENERAL INFORMATION
fixed length control field 250824b |||||||| |||| 00| 0 eng d
020 ## - INTERNATIONAL STANDARD BOOK NUMBER
International Standard Book Number 9780670098798
041 ## - LANGUAGE CODE
Language code of text/sound track or separate title eng
082 ## - DEWEY DECIMAL CLASSIFICATION NUMBER
Classification number 920 KAL
100 ## - MAIN ENTRY--PERSONAL NAME
Author Kalyanaraman, T.S
245 ## - TITLE STATEMENT
Title The Golden Touch: The Iconic Story of Building Kalyan Jewellers
260 ## - PUBLICATION, DISTRIBUTION, ETC.
Place Haryana
Publisher Penguin Business
Publication Year 2023
300 ## - PHYSICAL DESCRIPTION
Extent 158;. p. 24 cm
650 ## - SUBJECT ADDED ENTRY--TOPICAL TERM
Subject Autobiography
942 ## - ADDED ENTRY ELEMENTS (KOHA)
Koha item type Books
Holdings
Withdrawn status Lost status Source of classification or shelving scheme Damaged status Not for loan Home library Current library Shelving location Accession Date Vendor Price Bill number Total Checkouts Full call number Barcode No Date last seen Bill Date Koha item type Suggested By
    Dewey Decimal Classification     IMTN IMTN Rack 42-B 08/23/2025 Amazon.in 435.00 BOM5-89474   920 KAL 33942 08/24/2025 08/01/2025 Books Faculty Purchase By Dr. Abhishek N Singh
Designed & Maintained by: LRC IMT Nagpur Contact: lrc@imtnag.ac.in© 2024. All Rights Reserved.